000 00487nam a2200169Ia 4500
008 230718s9999 xx 000 0 und d
020 _a9788172241896
041 _aeng
082 _a621.51
_bPAR
100 _aParr A.
_9146065
245 _aHydraulics And Pneumatics
_bA Technician's And Engineer's Guide
260 _c2005
_bJaico Publishing House
300 _a223
365 _cRs.
_b325.00
700 _aParr A.
_9146065
906 _dO:0407614-Aug-2014B:4830-Jun-2014
_cMECH
_b422.5
999 _c337791
_d337791